Increasing corporate value by means of Brand management
Účastníci trhu a potreba diferenciácie. Definícia termínu značka (brand). Výhody značiek pre firmy. Zvýšenie predaja, prémiové ceny, imunizácia, hodnota značky zvyšuje hodnotu firmy. Od značky k hodnote firmy. Podnikový manažment orientovaný na hodnotu. Branding. Podnikový manažment orientovaný na h...
Uložené v:
| Hlavný autor: | |
|---|---|
| Ďalší autori: | |
| Médium: | Kapitola |
| Jazyk: | English |
| Predmet: | |
| Tagy: |
Žiadne tagy, Buďte prvý, kto otaguje tento záznam!
|
MARC
| LEADER | 00000nla$a2200000$$$4500 | ||
|---|---|---|---|
| 001 | 0076405 | ||
| 005 | 20240502071908.3 | ||
| 041 | 0 | |a eng | |
| 044 | |a SK | ||
| 245 | 1 | 0 | |a Increasing corporate value by means of Brand management |c Eleonora Fendeková, Michael Mandat |
| 520 | |a Účastníci trhu a potreba diferenciácie. Definícia termínu značka (brand). Výhody značiek pre firmy. Zvýšenie predaja, prémiové ceny, imunizácia, hodnota značky zvyšuje hodnotu firmy. Od značky k hodnote firmy. Podnikový manažment orientovaný na hodnotu. Branding. Podnikový manažment orientovaný na hodnotu využívajúci branding. | ||
| 610 | 2 | 0 | |a značky výrobkov |
| 610 | 2 | 0 | |a hodnota |
| 610 | 2 | 0 | |a hodnota tovaru |
| 610 | 2 | 0 | |a firmy |
| 610 | 2 | 0 | |a spotrebitelia |
| 610 | 2 | 0 | |a manažment |
| 100 | 1 | |a Fendeková, Eleonora, 1952- | |
| 700 | 1 | |a Mandat, Michael | |